| 000 | 00542nam a2200217 a 4500 | ||
|---|---|---|---|
| 999 |
_c3865 _d3865 |
||
| 001 | 3865 | ||
| 003 | BD-JhCC | ||
| 005 | 20180402195259.0 | ||
| 008 | 171119s1959 enka|||| ||a| 000 0 eng d | ||
| 035 | _a(BD-JhCC)3865 | ||
| 040 |
_aBD-JhCC _dBD-JhCC |
||
| 041 | _aben | ||
| 082 |
_a823 _bJER 1959 |
||
| 100 | _a Jerrome, Edward G. | ||
| 245 |
_aTales of Brave girls / _cEdward G. Jerrome |
||
| 260 |
_aLondon : _bBlackie & son Limited, _c1959. |
||
| 300 |
_a26 p. : _c18 cm. |
||
| 650 | _aBrave Girls | ||
| 942 |
_2ddc _cBK |
||